Nad statistickými čísly o negramotnosti ve světe.
Vývoj negramotnosti vo svete od roku 1970. Štatistické ukazovatele v tabuľkovej forme podľa pohlaví. Negramotnosť a problémy s ňou spojené vo svete.
Gespeichert in:
| 1. Verfasser: | |
|---|---|
| Format: | Buchkapitel |
| Sprache: | Tschechisch |
| Schlagworte: | |
| Tags: |
Keine Tags, Fügen Sie das erste Tag hinzu!
|
MARC
| LEADER | 00000naa a2200000 4500 | ||
|---|---|---|---|
| 001 | r003124 | ||
| 005 | 20220819180931.7 | ||
| 041 | 0 | |a cze | |
| 044 | |a [CS] | ||
| 245 | 1 | 0 | |a Nad statistickými čísly o negramotnosti ve světe. |c L. Pištora |
| 520 | |a Vývoj negramotnosti vo svete od roku 1970. Štatistické ukazovatele v tabuľkovej forme podľa pohlaví. Negramotnosť a problémy s ňou spojené vo svete. | ||
| 610 | 2 | 0 | |a negramotnosť |
| 610 | 2 | 0 | |a svet |
| 610 | 2 | 0 | |a údaje štatistické |
| 610 | 2 | 0 | |a 1970-1990 |
| 100 | 1 | |a Pištora, L. | |